Italian Language Doctor and Dentist #3 verbs, adj./adv. - Statistics

General Stats
  • This quiz has been taken 13 times
  • The average score is 15 of 23
Answer Stats
Hint Answer % Correct
to die morire
100%
broken rotta (o)
100%
to suffer soffrire/subire
100%
to become ill ammalarsi
75%
to cure curare/custodire
75%
wounded/hurt ferita (o)
75%
fixed fissa (o)
75%
strong forte
75%
useless inutile
75%
dangerous pericolosa (o)
75%
useful utile
75%
alive viva (o)
75%
to live vivere
75%
weak debole
50%
to heal/recover guarire
50%
healed/cured guarita (o)
50%
sick malata (o)
50%
healthy salute
50%
to bleed sanguinare
50%
safe sicura (o)
50%
dead morta (o)
25%
to cough starnutire
25%
to sneeze tossire
0%
No matching quizzes found
Score Distribution
Percent of People with Each Score
Percentile by Number Answered
Your Score History
You have not taken this quiz